| 000 | 00354nam a2200133Ia 4500 | ||
|---|---|---|---|
| 008 | 220217s9999||||xx |||||||||||||| ||und|| | ||
| 082 | _a604.2 BHA | ||
| 100 | _aBhatt, N.D Panchal, B.V | ||
| 245 | 0 | _aEngineering drawing | |
| 250 | _a40th | ||
| 260 |
_aCharotar publishing house _bAnand _c1999 |
||
| 300 |
_aXVI, 472p. _b95 |
||
| 650 | _aMECHANICHAL | ||
| 999 |
_c165005 _d165005 |
||